中华人民共和国国务院组成部门(2023.3-) Constituent departments of the State Council - Statistics

General Stats
  • This quiz has been taken 74 times
  • The average score is 14 of 26
Answer Stats
部门 % Correct
中华人民共和国外交部
88%
中华人民共和国教育部
86%
中华人民共和国农业农村部
78%
中华人民共和国公安部
76%
中华人民共和国工业和信息化部
72%
中华人民共和国国家发展和改革委员会
70%
中华人民共和国交通运输部
68%
中华人民共和国财政部
64%
中华人民共和国国防部
62%
中华人民共和国民政部
60%
中华人民共和国商务部
58%
中华人民共和国科学技术部
56%
中华人民共和国国家卫生健康委员会
52%
中华人民共和国司法部
46%
中华人民共和国生态环境部
46%
中华人民共和国国家安全部
44%
中国人民银行
42%
中华人民共和国水利部
40%
中华人民共和国自然资源部
38%
中华人民共和国人力资源和社会保障部
36%
中华人民共和国文化和旅游部
36%
中华人民共和国住房和城乡建设部
34%
中华人民共和国退役军人事务部
34%
中华人民共和国应急管理部
28%
中华人民共和国审计署
22%
中华人民共和国国家民族事务委员会
20%
No matching quizzes found
Score Distribution
Percent of People with Each Score
Percentile by Number Answered
Your Score History
You have not taken this quiz